00624 2200205 4500001002100000005001700021008004100038035002400079090001500103100001600118245008300134250001100217260008500228300003200313650002200345850001500367980001500382985000600397999001500403YOGYA-0209000002575820090227023958.0 ind  0010-020900000025758 a355bJus D aYUSUF, Daud aDua pemikiran tentang pertahanan keamanan dan strategi nasionalcDaoed Joesoef aCet. 1 aJakartabYayasan Proklamasi Centre for Strategic and Internasional Studiesc1973 axviii, 140 hlmbilusc22 cm aKeamanan nasional aYOPDYOG(B) a12-12-2006 a1 a06A0018114